000 00692namaa2200205 i 4500
001 175664
003 ES-MaACL
005 20230906215904.0
008 101116s1998 sp | |||| ||spa d
080 _a577.2(460)(091)
100 1 _aSalas, Margarita.
_9101739
245 1 0 _aHistoria de la biología molecular en España /
_cMargarita Salas.
260 _aMadrid :
_bUniversidad de Mayores Experiencia Recíproca,
_c[1998]
300 _a7 p. ;
_c24 cm.
490 1 _aColección "Cuadernos UMER" ;
_v2
650 4 _aBiología molecular-
_zEspaña-
_vHistoria.
_9143950
830 0 _aColección "Cuadernos UMER" ;
_v2
_9189816
852 _aES-MaACL
_j2303-F-18
999 _c175664
_d175664